书目信息 |
| 题名: |
新文明的路标
|
|
| 作者: | 万以诚 , 万岍 选编 | |
| 分册: | ||
| 出版信息: | 长春 吉林人民出版社 2000.01 |
|
| 页数: | 378页 | |
| 开本: | 20cm | |
| 丛书名: | 绿色经典文库 | |
| 单 册: | ||
| 中图分类: | X-01 | |
| 科图分类: | ||
| 主题词: | 环境保护--环境政策 , 环境政策 | |
| 电子资源: | ||
| ISBN: | 7-206-03413-6 | |
| 000 | 00860nam0 2200253 45 | |
| 001 | 0311140803 | |
| 005 | 20031219104121.5 | |
| 010 | @a7-206-03413-6@dCNY16.00 | |
| 100 | @a20031114d2000 km y0chiy0120 ea | |
| 101 | 0 | @achi |
| 105 | @a z 000yy | |
| 200 | 1 | @a新文明的路标@AXin Wen Ming De Lu Biao@e人类绿色运动史上的经典文献@ERenLei Lu Se Yun Dong Shi Shang De Jing Dian Wen Xian@f万以诚,万岍选编@FWanYi Cheng,Wan Qian Xuan Bian |
| 210 | @a长春@c吉林人民出版社@d2000.01 | |
| 215 | @a378页@d20cm | |
| 225 | @a绿色经典文库 | |
| 410 | @12001 @a绿色经典文库 | |
| 517 | @a人类绿色运动史上的经典文献@ARen Lei Lu Se Yun Dong Shi Shang De Jing Dian Wen Xian | |
| 606 | 0 | @a环境保护@x环境政策 |
| 606 | 0 | @a环境政策 |
| 690 | @aX-01@v3 | |
| 701 | 0 | @a万以诚@4选编 |
| 701 | 0 | @a万岍@4选编 |
| 801 | @aCN@bTSTC@c20031114 | |
| 905 | @b328151-155@dX-01@e46@f5 | |
| 新文明的路标:人类绿色运动史上的经典文献/万以诚,万岍选编.-长春:吉林人民出版社,2000.01 |
| 378页;20cm.-(绿色经典文库) |
| ISBN 7-206-03413-6:CNY16.00 |
| ● |
| 相关链接 |
|
|
|
|
正题名:新文明的路标
索取号:X-01/46
 
预约/预借
| 序号 | 登录号 | 条形码 | 馆藏地/架位号 | 状态 | 备注 |
| 1 | 0328151 | 203281518 | 第三借阅区/ [索取号:X-01/46] | 在馆 | |
| 2 | 0328152 | 203281527 | 第三借阅区/ [索取号:X-01/46] | 在馆 | |
| 3 | 0328153 | 203281536 | 第三借阅区/ [索取号:X-01/46] | 在馆 | |
| 4 | 0328154 | 203281545 | 第三借阅区/ [索取号:X-01/46] | 在馆 | |
| 5 | 0328155 | 203281554 | 第二样本阅览室/ [索取号:X-01/46] | 在馆 |